[Event "Oslo"]
[Site "Oslo"]
[Date "1985.??.??"]
[Round "?"]
[White "Bator, Robert"]
[Black "Grotnes, Nils"]
[Result "0-1"]
[WhiteElo "2380"]
[BlackElo "2260"]

1.d4 Nf6 2.c4 e6 3.g3 d5 4.Nf3 Be7 5.Bg2 O-O 6.O-O c6 7.Nc3 Nbd7 8.b3 b6
9.e4 Nxe4 10.Nxe4 dxe4 11.Ne5 Nxe5 12.dxe5 Qc7 13.Bxe4 Qxe5 14.Qc2 Qxa1 15.Bb2 Qxa2
16.Ra1 Qxb2 17.Qxb2 Bf6 18.Qa2 Bxa1 19.Bxc6 Rb8 20.Qxa1 Bb7 21.Bxb7 Rxb7
22.Qd4 b5 23.c5 a5 24.h4 Ra7 25.h5 h6 26.Qd3 a4 27.bxa4 bxa4 28.Qa3 Rb8 29.Kg2 Rb3
30.Qa2 Ra8 31.g4 a3  0-1

[Event "Nordic-chT"]
[Site "Pohja"]
[Date "1985.??.??"]
[Round "?"]
[White "Fedder, Steen"]
[Black "Hoen, Ragnar"]
[Result "1/2-1/2"]
[WhiteElo "2410"]
[BlackElo "2315"]

1.d4 d5 2.c4 e6 3.Nf3 Nf6 4.g3 Be7 5.Bg2 O-O 6.O-O b6 7.Nc3 Bb7 8.Ne5 Qc8
9.cxd5 Nxd5 10.Nxd5 Bxd5 11.e4 Bb7 12.d5 Bd6 13.Nc4 exd5 14.exd5 Nd7 15.Bg5 f6
16.Rc1 Qd8 17.Be3 f5 18.Nxd6 cxd6 19.Bf4 Nc5 20.Qd4 a5 21.Rfe1 h6 22.h4 Rc8
23.Rc3 Ne4 24.Rxc8 Bxc8 25.Bxe4 Re8 26.Bd2 fxe4 27.Rxe4 Rxe4 28.Qxe4 Qf8
29.Bc3 Qf7 30.a4 Bb7 31.Qe6 Bxd5 32.Qxf7+ Kxf7 33.Bd4 Bb3 34.Bxb6 Bxa4 35.Bxa5 h5
36.f3 Ke6 37.Kf2 g6 38.Ke3 Bd1 39.Bc3 Bb3 40.Kf4 Bd1 41.b4 Kd5 42.g4 Be2
43.gxh5 gxh5 44.Ke3 Bb5 45.Be1 Ba4 46.f4 Bd7  1/2-1/2

[Event "Prague op"]
[Site "Prague"]
[Date "1985.??.??"]
[Round "?"]
[White "Mozny, Milos"]
[Black "Ailama, Kari"]
[Result "1-0"]
[WhiteElo "2395"]
[BlackElo "2200"]

1.d4 d5 2.Nf3 Nf6 3.c4 e6 4.g3 Be7 5.Bg2 O-O 6.O-O b6 7.cxd5 exd5 8.Nc3 Bb7
9.b3 Nbd7 10.Bb2 Ne4 11.Rc1 f5 12.Ne5 Nxe5 13.dxe5 c6 14.Kh1 Rc8 15.f4 Nxc3
16.Bxc3 Kh8 17.e3 Qe8 18.g4 Rc7 19.gxf5 Rxf5 20.Rc2 Bf8 21.Rg1 Bc8 22.Bf3 Be6
23.Rcg2 Rff7 24.Bg4 c5 25.Qf3 Qd7 26.Bxe6 Qxe6 27.Rd1 Rcd7 28.Rgd2 d4 29.exd4 cxd4
30.Rxd4 Rxd4 31.Rxd4 Qxe5 32.fxe5 Rxf3 33.Rd8 Kg8 34.e6 Re3 35.Bb4  1-0

[Event "Prague zt"]
[Site "Prague"]
[Date "1985.??.??"]
[Round "7"]
[White "Suba, Mihai"]
[Black "Prandstetter, Eduard"]
[Result "1/2-1/2"]
[WhiteElo "2465"]
[BlackElo "2430"]

1.c4 e6 2.g3 Nf6 3.Bg2 d5 4.Nf3 Be7 5.d4 O-O 6.O-O dxc4 7.Qc2 a6 8.Qxc4 b5
9.Qc2 Bb7 10.Bd2 Be4 11.Qc1 Qc8 12.Bg5 c5 13.Nbd2 Bb7 14.dxc5 Qxc5 15.Nb3 Qc8
16.Qf4 h6 17.Bxf6 Bxf6 18.Rac1 Qe8 19.Nc5 Bd5 20.b3 Nd7 21.Nxd7 Qxd7 22.Rc7 Qd8
23.Rfc1 Be7 24.R7c2 Ba3 25.Rd1 Rc8 26.Ne1 Rxc2 27.Nxc2 Bd6 28.Qe3 Bxg2 29.Kxg2 Qc7
30.Qe4 Rc8 31.Rd2 Be7 32.Nd4 Qb6 33.Nf3 Qc6 34.Qxc6 Rxc6 35.Ne5 Rc7 36.Rd7 Rxd7
37.Nxd7 f6 38.Nb8 Bd6 39.Nxa6 Kf7 40.Kf3 Ke7 41.Ke4 Kd7 42.Kd4 Kc6 43.b4 Be5+
44.Ke4 Bd6 45.Kd4 Be5+  1/2-1/2

[Event "Prague zt"]
[Site "Prague"]
[Date "1985.??.??"]
[Round "17"]
[White "Gheorghiu, Florin"]
[Black "Prandstetter, Eduard"]
[Result "1/2-1/2"]
[WhiteElo "2530"]
[BlackElo "2430"]

1.c4 e6 2.g3 Nf6 3.Bg2 d5 4.Nf3 Be7 5.d4 O-O 6.O-O Nbd7 7.Qc2 c6 8.Nbd2 b6
9.e4 Bb7 10.Rd1 Rc8 11.b3 Qc7 12.Bb2 Rfd8 13.Rac1 Qb8 14.h3 c5 15.exd5 exd5
16.Re1 Bf8 17.Qb1 dxc4 18.Nxc4 Qa8 19.Nh4 Bxg2 20.Nxg2 cxd4 21.Bxd4 Re8 22.Ne5 Rxc1
23.Qxc1 Nxe5 24.Bxe5 Nd7 25.Bc3 Rxe1+ 26.Qxe1 Nc5 27.Qe3 Qe4 28.Qxe4 Nxe4
29.Be1 Bc5 30.Kf1 Kf8 31.Ke2 Ke7 32.f3 Ng5 33.h4 Ne6 34.Kd3 b5 35.Ne3 Bxe3
36.Kxe3 f5 37.Bb4+ Kd7  1/2-1/2

[Event "Reggio Emilia8586"]
[Site "Reggio Emilia"]
[Date "1985.??.??"]
[Round "2"]
[White "Smejkal, Jan"]
[Black "Lobron, Eric"]
[Result "1/2-1/2"]
[WhiteElo "2555"]
[BlackElo "2505"]

1.c4 e6 2.Nf3 Nf6 3.g3 d5 4.d4 Be7 5.Bg2 O-O 6.O-O dxc4 7.Qc2 a6 8.Qxc4 b5
9.Qc2 Bb7 10.Bd2 Be4 11.Qc1 Nbd7 12.Ba5 Rc8 13.Nc3 Ba8 14.a4 bxa4 15.Nxa4 Qe8
16.b4 Nb6 17.Nc5 Qb5 18.Qc2 Bxc5  1/2-1/2

[Event "Reggio Emilia8586"]
[Site "Reggio Emilia"]
[Date "1985.??.??"]
[Round "5"]
[White "Nogueiras, Jesus"]
[Black "Andersson, Ulf"]
[Result "1/2-1/2"]
[WhiteElo "2545"]
[BlackElo "2575"]

1.d4 Nf6 2.c4 e6 3.g3 d5 4.Bg2 Be7 5.Nf3 O-O 6.O-O dxc4 7.Qc2 a6 8.Qxc4 b5
9.Qc2 Bb7 10.Bf4 Nc6 11.Rd1 Nb4 12.Qc1 Rc8 13.Nc3 Nbd5 14.Nxd5  1/2-1/2

[Event "Rome-B"]
[Site "Rome"]
[Date "1985.??.??"]
[Round "2"]
[White "Ghitescu, Theodor"]
[Black "Sanna, Gianlazzaro"]
[Result "1-0"]
[WhiteElo "2455"]
[BlackElo "2335"]

1.d4 d5 2.c4 e6 3.Nf3 Nf6 4.g3 Be7 5.Bg2 O-O 6.O-O dxc4 7.Qa4 a6 8.Qxc4 b5
9.Qc2 Bb7 10.Bf4 Nc6 11.Rd1 Nb4 12.Qc1 Nbd5 13.Nbd2 Nxf4 14.gxf4 Rc8 15.Nb3 Nd5
16.e3 Qd6 17.Nc5 Ba8 18.Qd2 Rfd8 19.a4 Qb6 20.a5 Qa7 21.b4 Nf6 22.Ne5 Bxc5
23.bxc5 Bxg2 24.Kxg2 c6 25.Qc2 g6 26.Kh1 Nd5 27.Rg1 Kf8 28.Rg3 Qe7 29.Rh3 Kg7
30.Rg1 Qf6 31.Rhg3 Rc7 32.Rg5 Kf8 33.R5g4 Qf5 34.e4  1-0

[Event "Sarajevo"]
[Site "Sarajevo"]
[Date "1985.??.??"]
[Round "14"]
[White "Dizdarevic, Emir"]
[Black "Chandler, Murray G"]
[Result "1/2-1/2"]
[WhiteElo "2425"]
[BlackElo "2585"]

1.c4 e6 2.Nf3 d5 3.d4 Nf6 4.g3 Be7 5.Bg2 O-O 6.O-O c5 7.cxd5 exd5 8.Nc3 Nc6
9.Bg5 cxd4 10.Nxd4 Re8  1/2-1/2

[Event "Sarajevo"]
[Site "Sarajevo"]
[Date "1985.??.??"]
[Round "15"]
[White "Andersson, Ulf"]
[Black "Georgiev, Kiril"]
[Result "1-0"]
[WhiteElo "2575"]
[BlackElo "2535"]

1.Nf3 d5 2.d4 Nf6 3.c4 e6 4.g3 Be7 5.Bg2 O-O 6.O-O dxc4 7.Qc2 a6 8.Qxc4 b5
9.Qc2 Bb7 10.Bf4 Nc6 11.Rd1 Nb4 12.Qc1 Rc8 13.Nc3 Nbd5 14.Be3 Qd6 15.Nxd5 Nxd5
16.Bg5 c5 17.dxc5 Rxc5 18.Bxe7 Qxe7 19.Qd2 Rfc8 20.Ne1 h6 21.Rac1 Rxc1 22.Rxc1 Rxc1
23.Qxc1 Nf6 24.Nd3 Bxg2 25.Kxg2 Qb7+ 26.f3 a5 27.Ne5 Nd5 28.Qc5 f6 29.Nc6 Ne3+
30.Kf2 Nd1+ 31.Ke1 Qd7 32.Nb8 Qe8 33.Qc6 Qxc6 34.Nxc6 Nxb2 35.Nxa5 Kf7 36.Kd2 Ke7
37.Kc3 Nd1+ 38.Kb4 Kd7 39.a3 e5 40.e4 g5 41.g4 Ne3 42.Kxb5 Nc2 43.a4 Nd4+
44.Kb6 Nxf3 45.Nc4  1-0

[Event "Sochi"]
[Site "Sochi"]
[Date "1985.??.??"]
[Round "?"]
[White "Gulko, Boris F"]
[Black "Pigusov, Evgeny"]
[Result "1/2-1/2"]
[WhiteElo "2475"]
[BlackElo "2455"]

1.d4 Nf6 2.c4 e6 3.Nf3 d5 4.g3 Be7 5.Bg2 O-O 6.Qc2 a6 7.Nbd2 Nc6 8.O-O dxc4
9.Qxc4 Qd5 10.b3 Rd8 11.Bb2 Qxc4 12.bxc4 Rb8 13.Rfc1 b6 14.e4 Bb7 15.d5 Nb4
16.Ne5 Nd7 17.Nxd7 Rxd7 18.Bf1 a5 19.Nb3 Na6 20.Bh3 Nc5 21.Nxc5 Bxc5 22.Rd1 Re7
23.Bd4 Bxd4 24.Rxd4 Rd8 25.Rad1 exd5 26.cxd5 c5 27.dxc6 Rxd4 28.Rxd4 Bxc6
29.Rd6 Be8 30.Rxb6 Rxe4 31.Rb8 f6 32.Bd7 Kf7 33.f3 Re7 34.Bxe8+ Rxe8 35.Rb5 Re3
36.Rxa5 Rxf3  1/2-1/2

[Event "BUL-ch"]
[Site "Sofia"]
[Date "1985.??.??"]
[Round "2"]
[White "Inkiov, Ventzislav"]
[Black "Dobrev, Nanko"]
[Result "1-0"]
[WhiteElo "2490"]
[BlackElo "2275"]

1.d4 Nf6 2.c4 e6 3.Nf3 d5 4.g3 Be7 5.Bg2 O-O 6.O-O b6 7.Nc3 Bb7 8.cxd5 Nxd5
9.Nxd5 Bxd5 10.Qc2 c5 11.dxc5 Bxc5 12.Ng5 g6 13.Ne4 Be7 14.Bh6 Re8 15.Qc3 f6
16.Rfd1 Nd7 17.Rac1 Ne5 18.Bf4 Rc8 19.Qxc8 Qxc8 20.Rxc8 Rxc8 21.Bxe5 Bxe4
22.Bxe4 fxe5 23.Rd7 Bc5 24.Rxa7 Rf8 25.e3 Rf7 26.Rxf7 Kxf7 27.a3 Ke8 28.Kf1 Kd7
29.Ke2 b5 30.b4 Be7 31.h4 Bf6 32.Kf3 Kd6 33.Kg2 h6 34.Kh3 g5 35.hxg5 Bxg5
36.Kg4 Bf6 37.Kh5 Bg7 38.Kg6 Bf8 39.g4 Kd7 40.Bd3 Kc6 41.Kf7 Bd6 42.Kxe6  1-0

[Event "BUL-ch"]
[Site "Sofia"]
[Date "1985.??.??"]
[Round "9"]
[White "Danailov, Silvio"]
[Black "Semkov, Semko"]
[Result "0-1"]
[WhiteElo "2445"]
[BlackElo "2415"]

1.c4 e6 2.Nf3 d5 3.g3 Nf6 4.d4 Be7 5.Bg2 O-O 6.Qc2 c6 7.O-O b6 8.b3 Bb7 9.Rd1 Qc8
10.Nc3 c5 11.cxd5 Nxd5 12.Nxd5 Bxd5 13.Ng5 Bxg5 14.Bxd5 exd5 15.Bxg5 Na6
16.Rac1 Qb7 17.Qf5 Rae8 18.Be3 cxd4 19.Rxd4 Nc5 20.Qxd5 Qa6 21.Rc2 Rc8 22.Rh4 Ne6
23.Rhc4 Rcd8 24.Qf3 Qa5 25.Kg2 Rd1 26.b4 Qe5 27.Rc1 Rxc1 28.Bxc1 b5 29.Re4 Qa1
30.Qa3 Rd8 31.Bb2 Qb1 32.f3 Rd1 33.Qc3 Rh1 34.Kh3 Qf1+ 35.Kg4 Rxh2 36.Rxe6 Qh3+
37.Kf4 g5+ 38.Kxg5 Qxg3+ 39.Kf5  0-1

[Event "Tatran Cup"]
[Site "Stary Smokovec"]
[Date "1985.??.??"]
[Round "?"]
[White "Stohl, Igor"]
[Black "Blatny, Pavel"]
[Result "1/2-1/2"]
[WhiteElo "2445"]
[BlackElo "2390"]

1.d4 Nf6 2.c4 e6 3.g3 d5 4.Bg2 Be7 5.Nf3 O-O 6.O-O b6 7.cxd5 Nxd5 8.e4 Nf6
9.Nc3 Bb7 10.Qc2 Nbd7 11.Rd1 Re8 12.Bf4 c6 13.Rd2 Rc8 14.Rad1 b5 15.Ne5 Qa5
16.a3 Red8 17.Nd3 h6 18.Qc1 b4 19.axb4 Bxb4 20.Nxb4 Qxb4 21.Na2 Qe7 22.b4 Re8
23.Qc3 e5 24.dxe5 Nxe5 25.Bxe5 Qxe5 26.Qxe5 Rxe5 27.f4 Ree8 28.e5 Nd5 29.Rc1 a6
30.Kf2 Kf8 31.Rc5 Red8 32.Bxd5 cxd5 33.Ke3 Bc6 34.Nc3 Bb7 35.Na4 Ke7 36.Rxc8 Rxc8
37.Nc5 Rb8 38.Kd4 Bc8 39.Rb2 a5  1/2-1/2

[Event "Tatran Cup"]
[Site "Stary Smokovec"]
[Date "1985.??.??"]
[Round "?"]
[White "Tibensky, Robert"]
[Black "Franzen, Josef"]
[Result "1-0"]
[WhiteElo "2380"]
[BlackElo "2380"]

1.d4 Nf6 2.c4 e6 3.g3 d5 4.Bg2 Be7 5.Nf3 O-O 6.O-O dxc4 7.Qc2 a6 8.a4 Bd7
9.Ne5 Nc6 10.Nxc6 Bxc6 11.Bxc6 bxc6 12.Rd1 Qd5 13.Na3 c5 14.dxc5 Qh5 15.f3 Bxc5+
16.Kg2 Nd5 17.e4 Ne3+ 18.Bxe3 Bxe3 19.Nxc4 Ba7 20.Rd7 Qc5 21.Rad1 Rab8 22.Qd3 h5
23.Kh3 Rb7 24.e5 Rb4 25.b3 Rbb8 26.f4 Rb4 27.Kh4 g6 28.Kg5 Rbb8 29.Kh6 Rfc8
30.Rxf7 Kxf7 31.Qxg6+ Ke7 32.Qf6+ Ke8 33.Nd6+ cxd6 34.Qxe6+ Kf8 35.exd6 Rb7
36.d7 Rxd7 37.Rxd7 Qb6 38.Rf7+ Kg8 39.Rg7+  1-0

[Event "Szirak"]
[Site "Szirak"]
[Date "1985.??.??"]
[Round "1"]
[White "Tukmakov, Vladimir B"]
[Black "Georgiev, Kiril"]
[Result "1/2-1/2"]
[WhiteElo "2565"]
[BlackElo "2535"]

1.d4 Nf6 2.c4 e6 3.Nf3 d5 4.g3 Be7 5.Bg2 dxc4 6.O-O a6 7.Qc2 O-O 8.a4 Bd7
9.Qxc4 Bc6 10.Bg5 a5 11.Nc3 Na6 12.Rfd1 Qd6 13.e3 h6 14.Bxf6 Bxf6 15.Nd2 Bxg2
16.Kxg2 Qb4 17.Qe2 c6 18.Nc4 Nc7 19.Ne4 Nd5 20.Ra3 Qe7 21.Rb3 Rfb8 22.Rc1 b5
23.Ncd6 bxa4 24.Rxb8+ Rxb8 25.Rxc6 Qd7 26.Ra6 Qc7 27.Qc4 Qd8 28.Qxa4 Rxb2
29.Kf3 Be7 30.Nc4 Qc8 31.Rxa5 Rb8 32.Nc5 Bxc5 33.Rxc5 Qb7 34.Nd6 Qb1 35.Qc2 Qh1+
36.Ke2 Qxh2 37.Rc8+ Rxc8 38.Qxc8+ Kh7 39.Qc2+ f5 40.e4 Qh5+ 41.Kf1  1/2-1/2

[Event "Tilburg"]
[Site "Tilburg"]
[Date "1985.??.??"]
[Round "?"]
[White "Kortschnoj, Viktor"]
[Black "Huebner, Robert"]
[Result "1/2-1/2"]
[WhiteElo "2630"]
[BlackElo "2620"]

1.Nf3 Nf6 2.c4 e6 3.g3 d5 4.Bg2 Be7 5.d4 O-O 6.Nc3 c6 7.O-O b6 8.b3 Nbd7
9.Bb2 Ba6 10.a4 Rc8 11.Nd2 Bb7 12.e4 dxe4 13.Ndxe4 Nxe4 14.Nxe4 Nf6 15.a5 Rc7
16.a6 Bc8 17.Nc3 Bd7 18.Re1 c5 19.d5 exd5 20.cxd5 Bd6 21.Ne4 Nxe4 22.Bxe4 Bc8
23.Qc2 h6 24.Qc3 f6 25.Bc2 Re8 26.Qd3 f5 27.Re6 Rxe6 28.dxe6 Bxe6 29.Re1 Qd7
30.Qe2 Bf7 31.Qf3 c4 32.Bxf5 Qc6 33.Qc3 Bf8 34.Bb1 Bg6 35.Bxg6 Qxg6 36.bxc4 b5
37.Qe5 Rxc4 38.Qxb5 Rb4 39.Qd5+ Qf7 40.Qxf7+ Kxf7 41.Be5 Bc5 42.Kf1  1/2-1/2

[Event "Trencianske Teplice"]
[Site "Trencianske Teplice"]
[Date "1985.??.??"]
[Round "2"]
[White "Plachetka, Jan"]
[Black "Ambroz, Jan"]
[Result "1/2-1/2"]
[WhiteElo "2450"]
[BlackElo "2450"]

1.d4 Nf6 2.c4 e6 3.g3 d5 4.Nf3 Be7 5.Bg2 O-O 6.O-O Nbd7 7.b3 c6 8.Ba3 b6
9.Bxe7 Qxe7 10.Nbd2 Bb7 11.Qb1 c5 12.cxd5 exd5 13.e3 Ne4 14.dxc5 Nxd2 15.Nxd2 bxc5
16.e4 d4 17.f4 Nf6 18.e5 Bxg2 19.exf6 Qe3+ 20.Kxg2 Qxd2+ 21.Rf2 Qe3 22.Qf5 Rac8
23.fxg7 Rfe8 24.Rd1 a5 25.Rd3 Qe4+ 26.Qxe4 Rxe4 27.Rc2 f5 28.Kf3 Kxg7 29.Rc4 Kf6
30.Ra4 Ra8 31.Rc4 Rc8 32.Ra4 Ra8  1/2-1/2

[Event "Trencianske Teplice"]
[Site "Trencianske Teplice"]
[Date "1985.??.??"]
[Round "14"]
[White "Stohl, Igor"]
[Black "Ambroz, Jan"]
[Result "0-1"]
[WhiteElo "2445"]
[BlackElo "2450"]

1.d4 Nf6 2.c4 e6 3.g3 d5 4.Bg2 Be7 5.Nf3 O-O 6.O-O Nbd7 7.b3 c5 8.cxd5 exd5
9.Bb2 Ne4 10.Nc3 Ndf6 11.Rc1 b6 12.dxc5 Bxc5 13.Na4 Bb7 14.Nxc5 bxc5 15.Nh4 Rc8
16.e3 Re8 17.Re1 a5 18.Rc2 a4 19.bxa4 c4 20.Qa1 Bc6 21.Bxe4 Rxe4 22.a5 d4
23.Bxd4 Qd5 24.f3 Rxh4 25.gxh4 Qxf3 26.e4 Bxe4 27.Rxe4 Qxe4 28.Rf2 Rd8 29.Rd2 Nh5
30.Qd1 Nf4 31.h3 Rxd4  0-1

[Event "Tirnavia"]
[Site "Trnava"]
[Date "1985.??.??"]
[Round "3"]
[White "Szekely, Peter"]
[Black "Franzen, Josef"]
[Result "1/2-1/2"]
[WhiteElo "2450"]
[BlackElo "2355"]

1.Nf3 Nf6 2.c4 e6 3.g3 d5 4.Bg2 Be7 5.d4 O-O 6.Qc2 dxc4 7.Qxc4 a6 8.Qc2 c5
9.dxc5 Qa5+ 10.Bd2 Qxc5 11.Qxc5 Bxc5 12.Nc3 Nc6 13.O-O e5 14.Bg5 Be6 15.Rac1 Rac8
16.Rfd1 Rfd8 17.Nd2 h6 18.Bxf6  1/2-1/2

[Event "Tirnavia"]
[Site "Trnava"]
[Date "1985.??.??"]
[Round "11"]
[White "Hausner, Ivan"]
[Black "Spassov, Liuben"]
[Result "1/2-1/2"]
[WhiteElo "2400"]
[BlackElo "2415"]

1.d4 Nf6 2.c4 e6 3.g3 d5 4.Nf3 Be7 5.Bg2 O-O 6.O-O dxc4 7.Qa4 a6 8.Qxc4 b5
9.Qc2 Bb7 10.Bd2 Be4 11.Qc1 Qc8 12.Be3 Nbd7 13.Nbd2 Bd5 14.Qc2 c5 15.dxc5 Bxc5
16.Bxc5 Qxc5 17.Rfc1 Qxc2 18.Rxc2 Rfc8 19.Rac1 Nb6 20.Ne5 Rxc2 21.Rxc2  1/2-1/2

[Event "Vestmannaeyjum"]
[Site "Vestmannaeyjum"]
[Date "1985.??.??"]
[Round "11"]
[White "Olafsson, Helgi"]
[Black "Thorsteins, Karl"]
[Result "1/2-1/2"]
[WhiteElo "2515"]
[BlackElo "2400"]

1.Nf3 Nf6 2.c4 e6 3.g3 d5 4.d4 Be7 5.Bg2 O-O 6.O-O dxc4 7.Qc2 a6 8.Qxc4 b5
9.Qc2 Bb7 10.Bd2 Be4 11.Qc1 Bb7 12.Qc2 Be4 13.Qc1 Bb7 14.Qc2  1/2-1/2

[Event "Vrsac"]
[Site "Vrsac"]
[Date "1985.??.??"]
[Round "?"]
[White "Cvitan, Ognjen"]
[Black "Kapelan, Milorad"]
[Result "1-0"]
[WhiteElo "2450"]
[BlackElo "2305"]

1.Nf3 Nf6 2.g3 d5 3.Bg2 e6 4.d4 Be7 5.c4 O-O 6.O-O dxc4 7.Qc2 a6 8.Qxc4 b5
9.Qc2 Bb7 10.Bf4 Bd6 11.Nbd2 Nbd7 12.Nb3 Rc8 13.Rfd1 Qe7 14.Rac1 Be4 15.Bxd6 Bxc2
16.Bxe7 Bxd1 17.Rxd1 Rfe8 18.Bc5 Nxc5 19.Nxc5 a5 20.Ne5 Nd5 21.Nc6 a4 22.a3 g6
23.e3 Ne7 24.Rd2 Kg7 25.Rc2 Nf5 26.Na7 Rb8 27.Bc6 Red8 28.Nd7  1-0

[Event "Vrsac"]
[Site "Vrsac"]
[Date "1985.??.??"]
[Round "?"]
[White "Barlov, Dragan"]
[Black "Morovic Fernandez, Ivan"]
[Result "0-1"]
[WhiteElo "2430"]
[BlackElo "2450"]

1.Nf3 Nf6 2.g3 d5 3.Bg2 e6 4.d4 Be7 5.c4 O-O 6.O-O dxc4 7.Qc2 a6 8.Qxc4 b5
9.Qc2 Bb7 10.Bd2 Be4 11.Qc1 Nbd7 12.Ba5 Rc8 13.Nbd2 Ba8 14.Nb3 Qe8 15.Qe3 c5
16.dxc5 Nxc5 17.Nxc5 Bxc5 18.Qf4 b4 19.a3 bxa3 20.bxa3 Qb5 21.Qd2 Ne4 22.Qe1 Qb2
23.Nd2 Nxf2 24.Rxf2 Bxf2+ 25.Kxf2 Bxg2 26.Kxg2 Rc2 27.Rb1 Qe5 28.Bb4 Rd8
29.Kf1 h6 30.Nf3 Qe3 31.Qf2 Qe4 32.Re1 Rd5 33.Ra1 Rf5 34.Be1 g5 35.Rd1 e5
36.h3 h5 37.g4 hxg4 38.hxg4 Qxg4 39.Rd8+ Kg7 40.Bd2 Qh5 41.Ke1 Rb2 42.Qg3 Rb1+
43.Kf2 Qh1 44.Ke3 Rb3+ 45.Rd3 Rxd3+ 46.exd3 f6 47.Ke2 Qh5 48.Be3 Kf7 49.Bd2 Ke6
50.Ba5 Kd5 51.a4 e4  0-1

[Event "Hoogovens"]
[Site "Wijk aan Zee"]
[Date "1985.??.??"]
[Round "7"]
[White "Kortschnoj, Viktor"]
[Black "Spraggett, Kevin"]
[Result "1/2-1/2"]
[WhiteElo "2630"]
[BlackElo "2560"]

1.Nf3 Nf6 2.c4 e6 3.g3 d5 4.Bg2 Be7 5.d4 O-O 6.Qc2 Nbd7 7.O-O c6 8.Rd1 b6
9.b3 Ba6 10.a4 Rc8 11.a5 c5 12.axb6 Qxb6 13.Qa2 Nb8 14.Bf4 Bd6 15.dxc5 Qxc5
16.Be3 Qc7 17.Na3 Ng4 18.Bd4 e5 19.h3 Nf6 20.c5 Bxc5 21.Bxe5 Qb6 22.e3 Nbd7
23.Bxf6 Nxf6 24.Nb1 Bb7 25.Nc3 Qe6 26.Na4 Bb4 27.Nd4 Qe5 28.Nb2 Bc3 29.Nd3 Qb8
30.Rac1 Bxd4 31.exd4 Rxc1 32.Rxc1 Ne4 33.Nc5 Rd8 34.b4 Ba8 35.Qa5 Nd6 36.Ra1 Nb5
37.Nb3 h6 38.Bf1 Nd6 39.Bd3 Re8 40.Nc5 Ne4 41.Qxa7 Qxb4 42.Qd7 Rf8 43.Qa4 Qd2
44.Bxe4 dxe4  1/2-1/2

[Event "Zagreb"]
[Site "Zagreb"]
[Date "1985.??.??"]
[Round "?"]
[White "Hulak, Krunoslav"]
[Black "Cvitan, Ognjen"]
[Result "1/2-1/2"]
[WhiteElo "2450"]
[BlackElo "2465"]

1.Nf3 Nf6 2.c4 e6 3.g3 d5 4.d4 Be7 5.Bg2 O-O 6.O-O dxc4 7.Ne5 Nc6 8.Bxc6 bxc6
9.Qa4 Qxd4 10.Nxc6 Qd7 11.Nxe7+ Qxe7 12.Qxc4 Nd5 13.e4  1/2-1/2

[Event "Zagreb"]
[Site "Zagreb"]
[Date "1985.??.??"]
[Round "?"]
[White "Smejkal, Jan"]
[Black "Rukavina, Josip"]
[Result "1/2-1/2"]
[WhiteElo "2555"]
[BlackElo "2470"]

1.Nf3 d5 2.d4 Nf6 3.c4 e6 4.g3 Be7 5.Bg2 O-O 6.Qc2 dxc4 7.Qxc4 a6 8.Qc2 b6
9.O-O Bb7 10.Bg5 Ra7 11.Nc3 Bxf3 12.Bxf3 Qxd4 13.Rfd1 Qe5 14.Be3 Qf5 15.Qxf5 exf5
16.a4 c5 17.a5 b5 18.Nd5 Nxd5 19.Rxd5 Rd7 20.Rxf5 c4 21.Bc5 Re8 22.Bxe7 Rexe7
23.Kf1 g6 24.Rc5 Rc7 25.Rxc7 Rxc7 26.Ke1 Nc6 27.Bxc6 Rxc6 28.Rd1 Kg7 29.Rd7 b4
30.Kd2 Rc5 31.Rb7 c3+ 32.bxc3 bxc3+ 33.Kc2 Rf5 34.f3 Re5 35.Kxc3 Rxe2 36.Rb6 Rxh2
37.Rxa6 Rf2 38.f4 Rf3+ 39.Kb4 Rxg3 40.Rc6 Rf3 41.Rc4 Re3 42.a6 Re8 43.Kb5 h5
44.a7 g5 45.fxg5 Kg6 46.Rc5 h4 47.Kb6 h3 48.Rc3 h2 49.Rh3 Re6+ 50.Kb5  1/2-1/2

[Event "Berlin op"]
[Site "Berlin-West"]
[Date "1986.??.??"]
[Round "?"]
[White "Birnboim, Nathan"]
[Black "Lengyel, Bela"]
[Result "1-0"]
[WhiteElo "2445"]
[BlackElo "2395"]

1.d4 d5 2.c4 e6 3.Nf3 Nf6 4.g3 Be7 5.Bg2 O-O 6.O-O dxc4 7.Qc2 a6 8.a4 Nbd7
9.Nbd2 c5 10.dxc5 Nxc5 11.Nxc4 Bd7 12.Nfe5 Rc8 13.Nxd7 Nfxd7 14.Rd1 b5 15.axb5 axb5
16.Na5 Na4 17.Nc6 Qe8 18.Qb3 Bf6 19.Qxb5 Nab6 20.Bf4 Kh8 21.Ra7 Rg8 22.Rb7 Nd5
23.Bxd5 exd5 24.Rxd5 g5 25.Rdxd7 gxf4 26.Rxf7 Bg7 27.Ne5 fxg3 28.hxg3 Rc1+
29.Kg2  1-0

[Event "Berlin op"]
[Site "Berlin-West"]
[Date "1986.??.??"]
[Round "?"]
[White "Velikov, Petar"]
[Black "Lengyel, Bela"]
[Result "1/2-1/2"]
[WhiteElo "2455"]
[BlackElo "2395"]

1.d4 Nf6 2.Nf3 d5 3.c4 e6 4.g3 Be7 5.Bg2 O-O 6.Qc2 dxc4 7.Qxc4 a6 8.Bg5 b5
9.Qc2 Bb7 10.Nbd2 Nbd7 11.O-O Rc8 12.Bxf6 Nxf6 13.Nb3 Be4 14.Qc1 Nd7 15.Rd1 c5
16.dxc5 Qc7 17.Qe3 Bc2 18.Rd2 Bxb3 19.Qxb3 Nxc5 20.Qe3 Na4 21.Ne5 Rfd8 22.Rxd8+ Rxd8
23.Rc1 Bc5 24.Qf4 f6 25.Nc6 Qxf4 26.gxf4 Rd2 27.b4 Bf8 28.e3 Nb2 29.Nd4 Nd3
30.Rc8 Rd1+ 31.Bf1 Nxf4 32.Ra8 e5 33.Nc6 Ng6 34.Rxa6 Nh4 35.a4 bxa4 36.Rxa4 g5
37.h3 Nf3+ 38.Kg2  1/2-1/2

[Event "Bor"]
[Site "Bor"]
[Date "1986.??.??"]
[Round "7"]
[White "Dizdarevic, Emir"]
[Black "Rivas Pastor, Manuel"]
[Result "1-0"]
[WhiteElo "2470"]
[BlackElo "2470"]

1.d4 e6 2.c4 Nf6 3.g3 d5 4.Nf3 Be7 5.Bg2 O-O 6.O-O dxc4 7.Qc2 a6 8.Qxc4 b5
9.Qc2 Bb7 10.Bg5 Nbd7 11.Bxf6 Nxf6 12.Nbd2 Rc8 13.Nb3 c5 14.dxc5 Bd5 15.Rfd1 Bxb3
16.Qxb3 Qc7 17.a4 Qxc5 18.axb5 axb5 19.Ne1 Qb6 20.Qa2 Rfd8 21.Rxd8+ Qxd8
22.Nd3 b4 23.Qa7 Nd7 24.Bf3 g6 25.Kg2 Bf8 26.Ra5 Bd6 27.Rb5 Rb8 28.Ra5 Rc8
29.h4 Qe7 30.Qb7 Rc7 31.Ra8+ Kg7 32.Qb5 e5 33.e4 h5 34.Bd1 Nf6 35.Qb8 Qf8
36.Qxf8+ Bxf8 37.Kf3 Nd7 38.Ke3 Bd6 39.Rd8 Kf6 40.Ba4 Bc5+ 41.Ke2  1-0

[Event "Calcutta"]
[Site "Calcutta"]
[Date "1986.??.??"]
[Round "?"]
[White "Agzamov, Georgy"]
[Black "Meetei, AB."]
[Result "1-0"]
[WhiteElo "2545"]
[BlackElo "2320"]

1.d4 d5 2.Nf3 Nf6 3.c4 e6 4.g3 Be7 5.Bg2 O-O 6.O-O c6 7.Qc2 Nbd7 8.Nbd2 Re8
9.e4 dxe4 10.Nxe4 Nxe4 11.Qxe4 Nf6 12.Qe2 Qa5 13.Bd2 Qh5 14.h3 Nd7 15.Rfe1 Bf8
16.Rad1 f6 17.Bc3 Nb6 18.b3 Bd7 19.a4 Nc8 20.Rd3 Qf7 21.Qd2 Ne7 22.a5 Rad8
23.Bb4 Nc8 24.Qc3 Bd6 25.Rde3 Qf8 26.Bxd6 Nxd6 27.R3e2 Re7 28.h4 Nf7 29.Qb4 Bc8
30.Bh3 Qe8 31.Qc5 a6 32.Re3 Rd6 33.Qb4 Rd8 34.Qc5 Nd6 35.R1e2 Qf7 36.Qb6 Rde8
37.Qc5 Rd8 38.Qb6 Rde8 39.Qb4 Rd8 40.Qe1 Rde8 41.Kh2 h5 42.Qb4 Rd8 43.Qb6 Rde8
44.Qc5 Rd8 45.Ne1 Ree8 46.Nd3 Nf5 47.Bxf5 exf5 48.Re7 Rxe7 49.Rxe7 Qf8 50.Nf4 Rd7
51.Rxd7 Bxd7 52.Qxf8+ Kxf8 53.Nxh5 Be8 54.Nf4 Ke7 55.Nd3 Bh5 56.Nc5 Bd1 57.Kg2  1-0

[Event "Canada zt"]
[Site "Canada"]
[Date "1986.??.??"]
[Round "?"]
[White "Hergott, Deen"]
[Black "Allan, Denis"]
[Result "1/2-1/2"]
[WhiteElo "2250"]
[BlackElo "2280"]

1.d4 Nf6 2.c4 e6 3.Nf3 d5 4.g3 Be7 5.Bg2 O-O 6.Qc2 c5 7.cxd5 Nxd5 8.dxc5 Qa5+
9.Bd2 Nb4 10.Qb3 Qxc5 11.Nc3 N8c6 12.a3 Na6 13.Qa2 Qf5 14.e4 Qh5 15.b4 Nc7
16.Qc4 e5 17.b5 Be6 18.Qe2 Nb8 19.Nd1 Nd7 20.Ne3 Nc5 21.Bb4 a5 22.bxa6 N7xa6
23.O-O Nxb4 24.axb4 Rxa1 25.Rxa1 Nxe4 26.Qb5  1/2-1/2

[Event "ITA-ch46"]
[Site "Cesenatico"]
[Date "1986.??.??"]
[Round "1"]
[White "Tatai, Stefano"]
[Black "De Eccher, Stefano"]
[Result "1-0"]
[WhiteElo "2405"]
[BlackElo "2325"]

1.d4 Nf6 2.Nf3 e6 3.g3 d5 4.Bg2 Be7 5.c4 O-O 6.Qc2 c5 7.O-O cxd4 8.Nxd4 Nc6
9.Nxc6 bxc6 10.b3 Ba6 11.Rd1 Rc8 12.Nc3 Qc7 13.Na4 Rfd8 14.Be3 c5 15.Bf4 e5
16.Bg5 dxc4 17.bxc4 Rd4 18.Nb2 Rcd8 19.Bxf6 Bxf6 20.e3 Rxd1+ 21.Rxd1 Rxd1+
22.Nxd1 Qa5 23.Bd5 Qb4 24.Nc3 g6 25.h4 Kg7 26.Ne4 Be7 27.Ng5 Bxg5 28.hxg5 Qb6
29.Qa4 Qd6 30.Qe8 Qc7 31.a4 Bc8 32.Bxf7 Qxf7 33.Qxc8 Qxc4 34.Qc7+ Kg8 35.Qb8+ Kf7
36.Qxa7+ Ke6 37.Qb6+ Kf5 38.Qf6+ Ke4 39.a5 Qa4 40.a6 c4 41.Kg2 c3 42.Qf3+ Kd3
43.Qb7 c2 44.a7 c1=Q 45.a8=Q Qxa8 46.Qxa8 Qc4 47.Qb7 Qe6 48.Qb5+ Kd2 49.e4 Ke1
50.Qd3 Qb6 51.Qc3+ Ke2 52.Qc2+ Ke1 53.Kf3  1-0

[Event "ITA-ch46"]
[Site "Cesenatico"]
[Date "1986.??.??"]
[Round "9"]
[White "Lanzani, Mario"]
[Black "De Eccher, Stefano"]
[Result "1/2-1/2"]
[WhiteElo "2250"]
[BlackElo "2325"]

1.d4 Nf6 2.c4 e6 3.g3 d5 4.Nf3 Be7 5.Bg2 O-O 6.O-O dxc4 7.Qc2 a6 8.Qxc4 b5
9.Qc2 Bb7 10.Bf4 Nd5 11.Nc3 Nxf4 12.gxf4 Nc6 13.Rfd1 Nb4 14.Qb3 Nd5 15.Ne5 Nxc3
16.Qxc3 Bxg2 17.Kxg2 Bd6 18.Qf3 Qh4 19.Nd3 f6 20.Qh3 Qxh3+ 21.Kxh3 Rae8 22.e4 e5
23.fxe5 fxe5 24.d5 Rf6 25.Rac1 Ref8 26.Kg2 Rg6+ 27.Kh1 Rg4 28.Re1 Rf3 29.Rcd1 Kf7
30.Re2 Rh3 31.f4 Rh5 32.Rc1 Ke8 33.Rc6 Kd7 34.fxe5 Bxe5 35.Re6 Bd4 36.Rg2 Rhg5
37.Rxg4 Rxg4 38.Ne5+ Bxe5 39.Rxe5 Rg6 40.Rf5 Kd6 41.Rf8 Ke7 42.Ra8 Rg4 43.e5 Rd4
44.Ra7 Kd8 45.Ra8+ Kd7 46.e6+ Ke7 47.Rxa6 Rxd5 48.Rc6 Rd2 49.Rxc7+ Kxe6 50.b4  1/2-1/2

[Event "ITA-ch46"]
[Site "Cesenatico"]
[Date "1986.??.??"]
[Round "11"]
[White "Arlandi, Ennio"]
[Black "Sanna, Gianlazzaro"]
[Result "1/2-1/2"]
[WhiteElo "2360"]
[BlackElo "2380"]

1.d4 d5 2.c4 e6 3.Nf3 Nf6 4.g3 Be7 5.Bg2 O-O 6.O-O b6 7.Ne5 Bb7 8.Nc3 Na6
9.cxd5 exd5 10.Nd3 Ne4 11.Nf4 Nxc3 12.bxc3 Qd7 13.c4 c6 14.cxd5 cxd5 15.Qb3  1/2-1/2